|
|
|
|
| LEADER |
00000naa2a2200000 4500 |
| 001 |
400721 |
| 005 |
20231101065431.0 |
| 035 |
|
|
|a (RuTPU)RU\TPU\prd\43357
|
| 035 |
|
|
|a RU\TPU\prd\43356
|
| 090 |
|
|
|a 400721
|
| 100 |
|
|
|a 20060511a2006 k y0rusy50 ca
|
| 101 |
0 |
|
|a rus
|
| 102 |
|
|
|a RU
|
| 200 |
1 |
|
|a Информационный поток по экологии: проблемы доступа и использования для информационного обеспечения научных исследований
|f О. Л. Лаврик, Л. Б. Шевченко
|
| 225 |
1 |
|
|a 12-я Международная конференция "Библиотечные и информационные ресурсы в современном мире науки, культуры, образования и бизнеса" - "Крым-2005"
|i Секция "Экологическая информация и экологическая культура"
|
| 461 |
|
0 |
|0 (RuTPU)RU\TPU\prd\1594
|x 0130-9765
|t Научные и технические библиотеки
|o ежемесячный сборник по вопросам теории и практики библиотечного дела
|f Государственная публичная научно-техническая библиотека России
|d 1994-
|
| 463 |
|
0 |
|0 (RuTPU)RU\TPU\prd\43279
|t № 3
|v С. 51-57
|d 2006
|
| 610 |
1 |
|
|a экология
|
| 610 |
1 |
|
|a информационные потоки
|
| 610 |
1 |
|
|a доступ
|
| 610 |
1 |
|
|a использование
|
| 610 |
1 |
|
|a научные исследования
|
| 610 |
1 |
|
|a информационное обеспечение
|
| 700 |
|
1 |
|a Лаврик
|b О. Л.
|
| 701 |
|
1 |
|a Шевченко
|b Л. Б.
|
| 801 |
|
1 |
|a RU
|b 63413507
|c 20060510
|g PSBO
|
| 801 |
|
2 |
|a RU
|b 63413507
|c 20060608
|g PSBO
|
| 942 |
|
|
|c BK
|